000
00218nam a2200097Ia 4500
005
20251222114415.0
008
251222s1900||||xx |||||||||||||| ||spa||
082
_a
DVD0050/B28/2007
245
0
_a
Transformers:
942
_c
DVD
999
_c
2179
_d
2179